000 01675cam a2200457 a 4500
001 21609
003 VRT
005 20260306140754.0
008 240801s1999 xo a cr 000 j slo
015 _aSNBA2000/01-00040
020 _a8088822270
_q(viaz.)
035 _aSNK000329768
035 _aurn:nbn:sk:snk-amkk9f
035 _aurn:nbn:sk:snk-am003czx
035 _aEB066601-0D99-420D-BF6E-DE9480B982B9
039 9 _a202409301436
_bmsnk167
_c202408011051
_dVLOAD
_c202403181838
_dVLOAD
_c202402261643
_dVLOAD
040 _aSNK
_bslo
_cSNK
_eAACR2
041 0 _aslo
044 _axo
_cSK
072 7 _a821.162.4-3
_xSlovenská próza
_2konspekt
072 7 _a821-93
_xLiteratúra pre deti a mládež (beletria)
_2konspekt
080 _a821.162.4-34
_22011
080 _a82-34:808.1
_22011
100 1 _aPavlovič, Jozef,
_d1934-2020
_4aut
245 1 0 _aRozprávka naboso, alebo, Slimák Fezoj
_cJozef Pavlovič ; ilustroval Stanislav Lajda
250 _aVydanie prvé
260 _aSenica
_bArkus
_c1999
300 _a36 s.
_bfareb. ilustr.
_c22 cm
490 1 _aČarovný svet
_vzv. 5
500 _aIlustr. na tit. strane a front.
655 7 _aslovenské rozprávky
_2SNKPH
655 7 _aautorské rozprávky
_2SNKPH
700 1 _aLajda, Stanislav,
_d1959-
_4ill
830 0 _aČarovný svet
942 _2ddc
_cKLDE
_n0
949 _617A0216189
_9P60, <03>, [BOOK], {603}
_asnkSC 99967
_bsnkKSP 10723/99
_s6100:20140925
949 _617A0216190
_9P60, <04>, [BOOK], {604}
_asnkSC 99967 D1
_bsnkKSP 10724/99
949 _9P60, <09>, [BOOK], {629}
_asnkC 269
_bsnk550/20000418
999 _c21609
_d21609